| 000 | 00678nam a2200217 a 4500 | ||
|---|---|---|---|
| 999 |
_c6339 _d6339 |
||
| 001 | 6339 | ||
| 003 | BD-JhCC | ||
| 005 | 20180418182224.0 | ||
| 008 | 180121s1988 b ||||| |||| 00| 0 ben d | ||
| 035 | _a(BD-JhCC) | ||
| 040 |
_aBD-JhCC _dBD-JhCC |
||
| 041 | _aben | ||
| 082 |
_a297.124 _bMIR 1988 |
||
| 100 | _aমিরাঠী, বদরে আলম | ||
| 245 |
_aতরজুমানুস্ সুন্নাহ্ / _cবদরে আলম মিরাঠী |
||
| 260 |
_aঢাকা : _bইসলামী ফাউণ্ডেশন বাংলাদেশ, _c১৯৮৮ |
||
| 300 |
_a298p. : _c22cm. |
||
| 650 | _aHadith | ||
| 942 |
_2ddc _cBK |
||